Gewohnliche Differentialgleichungen ; Studienbuch fur Studierende der Mathematik und aller Naturwissenschaften /

Bibliographic Details
Main Author: Peyerimhoff, Alexander
Format: Book
Language:German
Published: Frankfurt am Main : Akademische Verlagsgesellschaft, 1970.
Series:Studien-Texte
Subjects:

MARC

Tag First Indicator Second Indicator Subfields
LEADER 00000cam a2200000 4500
001 in00000330321
005 20151011050812.0
008 790417s1970 gw a b 00000 ger
010 |a  75540286  
015 |a GDB*** 
035 |a (OCoLC)04866576 
035 |9 ABK4198AM 
040 |a DLC  |c TXA  |d UtOrBLW 
049 |a TXAM  |v 1 [1147499]  |v 2 [1147500] 
050 0 |a QA372  |b .P52 
100 1 |a Peyerimhoff, Alexander. 
245 1 0 |a Gewohnliche Differentialgleichungen ;  |b Studienbuch fur Studierende der Mathematik und aller Naturwissenschaften /  |c Hrsg. von Hans Wolter. 
264 1 |a Frankfurt am Main :  |b Akademische Verlagsgesellschaft,  |c 1970. 
300 |a 2 volumes (xi, vii, 336 pages) :  |b illustrations ;  |c 22 cm. 
336 |a text  |b txt  |2 rdacontent 
337 |a unmediated  |b n  |2 rdamedia 
338 |a volume  |b nc  |2 rdacarrier 
490 0 |a Studien-Texte 
504 |a Includes bibliographies. 
650 0 |a Differential equations. 
999 |a MARS 
999 f f |s c4487616-9e3f-3fec-aa8d-f52dda0e7872  |i 66da81d2-49d5-3cf8-85b4-73bcbe2d7b0c  |t 0 
952 f f |p ric  |a Texas A&M University  |b Rellis Campus  |c Joint Library Facility  |d Remote Storage  |t 0  |e QA372 .P52  |h Library of Congress classification  |i unmediated -- volume  |m A14804531636 
952 f f |p normal  |a Texas A&M University  |b College Station  |c Sterling C. Evans Library  |d Evans: Library Stacks  |t 0  |e QA372 .P52  |h Library of Congress classification  |i unmediated -- volume  |m A14804531644 
998 f f |a QA372 .P52  |t 0  |l Evans: Library Stacks 
998 f f |a QA372 .P52  |t 0  |l Remote Storage